00808nam a2200217Ia 4500003000400000005001700004008004100021040000700062041000800069082002200077100002900099245004100128260004000169300001400209365001300223906004300236942001200279999001900291952014000310952014000450OSt20230509142653.0210423s1988 xx 000 0 und d cAL aeng a616.89 223bCOLA aCOLEMAN (James C)936772 aAbnormal psychology and modern life. aJaipurbD B Taraporevala Sonsc1988 av,295bHB b300cINR aAbnormal ; life. ; modern ; psychology 2ddccBK c171535d171535 001040708MSWaSACPGbSACPGd2001-07-17eHigginbothams Pvt Ltdg300.00l0o616.89 COLApPG018050r2022-08-24 00:00:00w2021-04-26yBK 001040708MSWaSACPGbSACPGd2001-07-17eHigginbothams Pvt Ltdg300.00l0o616.89 COLApPG018051r2022-08-24 00:00:00w2021-04-26yBK